Disertaciones sobre México desde Europa /

I tiakina i:
Ngā taipitopito rārangi puna kōrero
Kaituhi matua: Beteta, Ramón (autor)
Hōputu: Pukapuka
Reo:Pāniora
I whakaputaina: México : Revista Hoy, 1955
Ngā Tūtohu: Tāpirihia he Tūtohu
Kāore He Tūtohu, Me noho koe te mea tuatahi ki te tūtohu i tēnei pūkete!

MARC

LEADER 00000nam^a2200000^a^4500
001 000440530
005 20250526000000.0
009 20260310123339.55
037 |a Acervo ITESO - Biblioteca 
041 |a ESP 
091 |a FHM. 09954 
100 |a Beteta, Ramón  |e (autor) 
245 1 0 |a Disertaciones sobre México desde Europa / 
264 1 |a México :  |b Revista Hoy,  |c 1955 
300 |a 90 p. ;  |c 19.5 cm. 
336 |a texto  |b txt  |2 rdacontenido 
337 |a sin mediación  |b n  |2 rdamedio 
338 |a volumen  |b nc  |2 rdasoporte 
649 |a XX 
910 |a Fondo Hugo B. Margáin 
920 |a Impresos - Libros 
930 |a Libros Antiguos y Raros 
905 |a 126 
901 |a 0500314168  |b IT2  |c LRA  |i D118281  |u 20250526 
902 |a https://opac.biblio.iteso.mx/vufind/Record/000440530